| 000 | 00801nam a2200205Ia 4500 | ||
|---|---|---|---|
| 003 | GCL | ||
| 008 | 140319s9999 xx 000 0 ara d | ||
| 040 |
_aGCL / _cGCL |
||
| 082 | 0 | 4 |
_a953.0764 _bم ت |
| 100 | 1 | _aمحمد علاءالدين منصور | |
| 245 | 1 | 0 |
_aتاريخ ايران بعد الاسلام : _bمن بداية الدولة الطاهرية حتى نهاية الدولة القلجارية / _cمحمد علاءالدين منصور |
| 700 | 1 | _aالسباعى محمد السباعى | |
| 260 |
_aالقاهرة : _bدار الثقافة للنشر والتوزيع ، _c1989 |
||
| 300 |
_a875ص ؛ _c24 سم |
||
| 650 | 0 | 4 | _aايران |
| 650 | 0 | 4 | _aالتاريخ الاسلامى |
| 650 | 0 | 4 | _aالدولة الطاهرية |
| 650 | 0 | 4 | _aالمغول |
| 942 |
_2ddc _cBK |
||
| 999 |
_c29096 _d29096 |
||